Deutsche Filme 2 - Statistiken

Allgemein
  • Dieses Quiz wurde 1.826 mal gespielt
  • Das Durchschnittsergebnis liegt bei 5 aus 20
Antwortstatistiken
Jahr Hinweis Film % Korrekt
2015 Adolf Hitler erwacht 2014 in Berlin und wird für einen Imitator gehalten. Er ist wieder da
86%
2004 Bubi, Brummboss, Cloudy, Tschakko, Sunny, Speedy und Cookie tragen Zipfelmützen. 7 Zwerge – Männer allein im Wald
67%
2004 Käpt'n Kork, Mr. Spuck, Schrotty (T)Raumschiff Surprise – Periode 1
67%
1991 Opel-Kultfahrzeug Manta - Der Film / Manta, Manta
59%
2007 Die österreichische Kaiserin wird von einem Yeti entführt. Lissi und der wilde Kaiser
30%
2007 Ein Boulevardreporter wird zu Sozialstunden im Kindergarten verurteilt. Keinohrhasen
28%
2019 Sieben Freunde beschließen beim Abendessen alle eingehenden Anrufe und Nachrichten zu teilen. Das perfekte Geheimnis
27%
1944/1970 Ein Schriftsteller wird als Schüler verkleidet in ein Gymnasium eingeschleust um Versäumtes nachzuholen. Die Feuerzangenbowle
25%
2008 Der Film schildert die Entstehung und die Aktionen der linksextremistischen Terrorgruppe RAF. Der Baader Meinhof Komplex
18%
2019 Ein neunjähriges Mädchen leidet unter unkontrollierbaren Wutausbrüchen und wird einem Anti-Aggressions-Trainer zugewiesen. Systemsprenger
15%
1979 Ein psychisch kranker Soldat lässt sich aus Geldnot für Experimente einspannen (u.a. eine Erbsendiät) und wird von seinem Umfeld betrogen und erniedrigt. Woyzeck
15%
1956 Wilhelm Voigt besetzt ein Rathaus bei Berlin. Der Hauptmann von Köpenick
10%
1994 Als er von seiner Freundin aus der Wohnung geworfen wird, zieht Axel bei zwei schwulen Bekannten ein. Der bewegte Mann
9%
1985 Von seiner Frau betrogen, zieht Julius unter falschem Namen bei deren Liebhaber ein und versucht sie zurückzugewinnen. Männer
8%
1999 Dokumentation über das Musikprojekt des Gitarristen Ry Cooder mit kubanischen Musikern Buena Vista Social Club
6%
1992 Gefälschte Hitler-Tagebücher Schtonk!
5%
2016 Ein pensionierter Musiklehrer besucht seine Tochter in Bukarest, und wirbelt mit seiner Verkleidung deren Leben durcheinander. Toni Erdmann
4%
2001 Eine jüdische Familie flieht vor dem NS-Regime nach Kenia. Nirgendwo in Afrika
3%
1960 Ein böhmischer Hundehändler und "behördlich anerkannter Idiot" wird 1914 in die Armee eingezogen. Der brave Soldat Schwejk
2%
1968 Fernsehreporter schleust sich als Aushilfslehrer in ein Gymnasium ein und spielt Streiche. Zum Teufel mit der Penne
1%
Keine übereinstimmenden Quizze gefunden
Verteilung der Resultate
Anzahl Personen mit jedem Resultat
Perzentil nach korrekt beantworteten Fragen
Ihre Resultats-Entwicklung
Sie haben dieses Quiz noch nicht gespielt